000 00471nam a2200169 i 4500
001 146135
003 ES-MaACL
005 20230906201428.0
007 t|
008 070903s1925 fr ||||1| spa d
080 _a82-1.03=60(082.2)
245 0 0 _aTraducciones poéticas /
_cIsmael Enrique Arcimiegas.
260 _aParis :
_bExcelsior,
_c1925.
300 _a253 p. ;
_c19 cm.
650 1 4 _aPoesías-
_xTraducciones al español.
_916201
852 _aES-MaACL
_jB-12846
999 _c146135
_d146135